00809nam a22001937a 450000500170000000800410001704100080005804400070006609000160007310000300008924500840011926000960020330000210029950001050032052001130042565000470053894200150058599900150060020131115131538.0131115b2004 ck ||||| |||| 00| 0 spa d aspa ack aIAVHb01514 aMarquez Reyes-Cesar92622 aCentro de aves rapaces (Falconiformes y Strigiformes) de Villeta, Cundinamarca  aBogotabInstituto de Investigación de Recursos Biológicos Alexander von Humboldtc2004 a18 p.bilc27 cm aInforme tecnico convenio Car- IAVH para la investigacion y conservacion ex-situ de aves rapaces IAVH aEstudio de los aves rapaces en el centro de rehabilitacion ubicado en el municipio de Villeta,Cundinamarca. aAves rapaceszVilleta (Cundinamarca)92623 2zcImpreso c7823d7823